[Event "TUR-chT2"]
[Site "Konya"]
[Date "2017.07.10"]
[Round "3.16"]
[White "Yalcindag, Hakan"]
[Black "Kantar, Mehmet Zahit"]
[Result "1-0"]
[WhiteElo "1348"]
[BlackElo "1192"]
[PlyCount "75"]
[EventDate "2017.07.09"]
[EventType "team-swiss"]
[EventRounds "9"]
[EventCountry "TUR"]
[SourceTitle "CBM 179 Extra"]
[Source "ChessBase"]
[SourceDate "2017.08.23"]
[SourceVersion "1"]
[SourceVersionDate "2017.08.23"]
[SourceQuality "1"]
[WhiteTeam "Genclik Il Mudurlugu"]
[BlackTeam "Karaman Idman Yurdu"]
[WhiteTeamCountry "TUR"]
[BlackTeamCountry "TUR"]

1. e4 e5 2. Nf3 d6 3. Bc4 h6 4. Nc3 Nf6 5. d3 Nc6 6. h3 Be7 7. 0-0 0-0 8. Be3 Be6 9. Bb3 d5 10. exd5 Nxd5 11. Nxd5 Bxd5 12. Re1 Bxb3 13. axb3 Bf6 14. Bd2 Re8 15. Bc3 Nd4 16. Nd2 Nc6 17. Ne4 b6 18. Qf3 Nd4 19. Nxf6+ Qxf6 20. Qxf6 gxf6 21. Bxd4 exd4 22. Rxe8+ Rxe8 23. Rxa7 Re7 24. f3 f5 25. Kf2 h5 26. Ra8+ Kg7 27. Rd8 c5 28. Rd6 Re6 29. Rd8 Rg6 30. c3 dxc3 31. bxc3 Re6 32. d4 cxd4 33. Rxd4 Rc6 34. c4 Kf6 35. Ke3 Re6+ 36. Kf4 Kg6 37. Rd5 Rf6 38. h4 1-0